000 00495cam a22001577a 4500
008 180718b1996 xxu||||| |||| 00| 0 eng d
082 _aB7x54 M896n
100 _aMukarji, Nirmal
245 _aNew perceptions on local government
_cby Nirmal Mukarji and Abhijit Datta
260 _aNew Delhi
_bInstitute of Social Sciences
_c1996
300 _a66p.
440 _aISS occasional paper series- 20
650 _aPanchayat - India
650 _aLocal government - India
700 _aDatta, Abhijit
999 _c396709
_d396709